000 00626cab a2200217 4500
001 ABS55999
008 090401t1996 xxu||||| |||| 00| 0 eng d
035 _a(Sirsi) u20340
041 _aeng
100 _aFordham, R.
245 _aCircular arguments suggest not such affordable housing
260 _c1996
350 _a0
490 _aPlanning (for the Natural and Built Environment)
_v(1190) 11 October 1996, 24-25(2)
520 _aLooks at how DoE Circular 13/96 attempts to revise contradictions in PPG3.
650 _aHOUSING MIX
650 _aPPG3
690 _aHOUSING
942 _n0
948 _c04/03/1997
999 _c13627
_d13627